000 01182nam a2200205Ia 4500
003 GCL
008 140319s9999 xx 000 0 ara d
040 _aGCL /
_cGCL
082 0 4 _a415.1
_bب ش
100 1 _aابن عقيل : بهاءالدين عبدالله بن عبدالرحمن بن عبدالله بن محمد القرشى
245 1 0 _aشرح ابن عقيل قاضى القضاة بهاءالدين عبدالله بن عقيل العقيلى الهمذانى المصرى :
_bالمولود سنة 698 هـ المتوفى فى سنة 769 هـ على ألفية الامام الحجة الثابت أبى عبدالله محمد جمال الدين بن مالك المولود سنة 600 هـ المتوفى سنة 672 هـ /
_cابن عقيل : بهاءالدين عبدالله بن عبدالرحمن بن عبدالله بن محمد القرشى
250 _aالعشرون
260 _aالقاهرة :
_bدار التراث العربى للطباعة والنشر ،
_c1980
300 _a2 مجلد ؛
_c24 سم
490 _a
650 0 4 _aالنحو
650 0 4 _aاللغة العربية
650 0 4 _aالنحو العربى
942 _2ddc
_cBK
999 _c54355
_d54355